000 00689nam a2200253 a 4500
001 20019
003 CO-ViMGA
008 141112s2004 ck r 000 u spa d
020 _a8480191694
040 _aCO-ViMGA
_bspa
_cCO-ViMGA
082 0 4 _a796.325 H377v
100 1 _aHessing, Walter
_929054
245 1 0 _aVoleibol para principiantes :
_bentrenamiento, tecnica y táctica
250 _a3
260 _aBarcelona :
_bEd. Paidotribo,
300 _a140 p.
490 _aIniciación deportiva
590 _aForma de adquisición : Premio Mincultura
650 1 4 _aDEPORTES
_948158
650 1 4 _aENTRENAMIENTO
650 1 4 _aJUEGOS
650 1 4 _aVOLEIBOL
_93119
942 _2ddc
_cBK
999 _c29136
_d29136